000 003670000a22001450004500
005 20250903140623.0
082 _a581.95493 FLO.01
100 _aDassanayake, M D
245 _aRevised handbook to the flora of Ceylon Vol.1
260 _aNewDelhi, Oxford & IBH publishing co. pvt. ltd
260 _c1980
300 _a508
650 _aFlora- ceylon
942 _cBK
999 _c347419
_d347419